L'Italia delle migrazioni interne : donne, uomini, mobilita in eta moderna e contemporanea
Saved in:
| Main Author: | |
|---|---|
| Other Authors: | |
| Format: | Book |
| Language: | Italian |
| Published: |
Roma :
Donzelli,
c2003
|
| Series: | Progetti Donzelli
|
| Subjects: | |
| Tags: |
Add Tag
No Tags, Be the first to tag this record!
|
MARC
| LEADER | 00000cam a2200000 i 4500 | ||
|---|---|---|---|
| 001 | 1/4426 | ||
| 008 | 100211s2003 ita d | ||
| 020 | |a 88-7989-809-4 | ||
| 035 | |l 10106766 | ||
| 040 | |a GR-MY-UA |b gre |e aacr | ||
| 041 | 0 | |a ita | |
| 082 | 0 | |a 304.80945 |2 (22) | |
| 100 | 1 | |a Arru, A. |q (Angiolina) | |
| 245 | 1 | 0 | |a L'Italia delle migrazioni interne : |b donne, uomini, mobilita in eta moderna e contemporanea / |c a cura di Angiolina Arru e Franco Ramella |
| 260 | |a Roma : |b Donzelli, |c c2003 | ||
| 300 | |a xxii, 390 σ.; |b εικ., πίν.; |c 22 εκ. | ||
| 490 | 1 | |a Progetti Donzelli | |
| 504 | |a Περιέχει βιβλιογραφικές παραπομπές | ||
| 650 | 0 | 0 | |a Migration, Internal |z Italy |x History. |
| 700 | 1 | |a Ramella, F. |q (Franco) | |
| 830 | 0 | |a Progetti Donzelli | |
| 852 | |a INST |b LESVOS |e 20100211 |h 304.80945 ARR |p 005100045766 |q 005100045766 |t BK |y 0 | ||
| 901 | |a BIBL1-2010-1 | ||
| 909 | |a Λ |b 162734 | ||
| 970 | |a ΓΙΑΛΑΜΑ |b ΜΑΡΙΑ |z 2010/02/11 | ||